000 00493nam a2200169Ia 4500
008 151213s9999 xx 000 0 und d
020 _a9844121258
100 _aারফিক আজাদ
245 _aকবিতা সমগ্র
_cারফিক আজাদ
250 _a১ম সং
260 _aঢাকা
_bফনিরুল হক
_c2007
300 _a8341 p.
650 _aBangla
650 _aকবিতা
700 _aারফিক আজাদ
999 _c4182
_d4182